000
00328nam a2200121Ia 4500
008
190723s9999 xx 000 0 und d
020
_a
978-0-07-053101-7
100
_a
David A. Gustafson
245
0
_a
Theory and Problems of software engineering
260
_a
New Delhi
_b
Tata McGraw Hill
_c
2011
300
_a
223.:p
942
_c
BK
999
_c
1769
_d
1769